| 000 | 00532nam a22001697a 4500 | ||
|---|---|---|---|
| 005 | 20251108164010.0 | ||
| 008 | 250721s1981 xx 000 0 ara d | ||
| 082 | 1 | 4 | _a320.158/نقا |
| 100 | 1 | _aالنقاش، رجاء | |
| 245 | 1 | 0 |
_aالإنعزاليون في مصر : _bرد على لويس عوض و توفيق الحكيم / |
| 264 | 1 |
_aبيروت : _bالمؤسسة العربية، _c1981. |
|
| 300 | _a191ص | ||
| 650 | 1 | 7 | _aالقومية |
| 650 | 1 | 7 | _aالقومية العربية |
| 942 |
_2ddc _cBK |
||
| 999 |
_c1068 _d1068 |
||